[Event "Saint Affrique op 22nd"]
[Site "Saint Affrique"]
[Date "2014.07.20"]
[Round "2"]
[White "Grosse, Tomas"]
[Black "Gachon, Valentin"]
[Result "1/2-1/2"]
[WhiteElo "1627"]
[BlackElo "1301"]
[PlyCount "74"]
[EventDate "2014.07.19"]
[EventType "swiss"]
[EventRounds "9"]
[EventCountry "FRA"]
[SourceTitle "CBM 161 Extra"]
[Source "ChessBase"]
[SourceDate "2014.08.29"]
[SourceVersion "1"]
[SourceVersionDate "2014.08.29"]
[SourceQuality "1"]

1. d4 d5 2. Bf4 Bf5 3. e3 e6 4. Nf3 Nf6 5. c4 Bb4+ 6. Nc3 Ne4 7. Qa4+ Nc6 8. Rc1 0-0 9. a3 Bd6 10. Bxd6 Qxd6 11. c5 Qe7 12. Bb5 Nb8 13. Nxe4 Bxe4 14. c6 bxc6 15. Bxc6 Nxc6 16. Qxc6 Rfc8 17. b4 a5 18. Qc5 Qxc5 19. bxc5 Bxf3 20. gxf3 Rcb8 21. 0-0 Kf8 22. Rb1 Ke7 23. Kg2 a4 24. Rb4 Kd7 25. Rfb1 Rxb4 26. Rxb4 Kc6 27. Kf1 Kd7 28. Ke2 Kc6 29. Kd3 Kd7 30. Kc3 Kc8 31. Rb5 c6 32. Rb6 Kc7 33. Kb4 Ra7 34. h3 Ra8 35. Kc3 Ra5 36. Kb4 Ra8 37. e4 g5 1/2-1/2